|
|
|
|
| LEADER |
00000nab a2200000ua 4500 |
| 001 |
vtls010840641 |
| 003 |
SK-MaSNL |
| 005 |
20260303104050.0 |
| 008 |
230121s1986 xo |||||||||||||||||eng| |
| 035 |
|
|
|a (urnnbn)urn:nbn:sk:snk:ar-a06xp1
|
| 035 |
|
|
|a urn:nbn:sk:snk-ab63dl
|
| 035 |
|
|
|a (uuid)82223473-beff-4ee3-b93e-13df49e40041
|
| 040 |
|
|
|a SNKBUCL
|b slo
|c SNKBUCL
|e AACR2
|
| 041 |
0 |
|
|a eng
|
| 044 |
|
|
|a xo
|c SK
|
| 100 |
1 |
|
|a Uher, Michal,
|d 1936-
|4 aut
|9 219584
|
| 245 |
1 |
0 |
|a Hydrothermal stability of the new sweetener acesulfame K
|c Michal Uher, Milan Kováč, Milan Suhaj, Terézia Vacová
|
| 700 |
1 |
|
|a Kováč, Milan
|4 aut
|9 279247
|
| 700 |
1 |
|
|a Milan, Suhaj
|4 aut
|9 1117382
|
| 700 |
1 |
|
|a Vacová, Terézia
|4 aut
|9 279213
|
| 773 |
0 |
|
|t Bulletin potravinárskeho výskumu
|g Roč. 25, č. Special issue (1986), s. 13-21
|
| 954 |
|
|
|a odborná, vedecká literatúra pôvodná (slovenská)
|2 lita
|
| 958 |
|
|
|a OND
|
| 958 |
|
|
|a EUIPO
|
| 958 |
|
|
|a article5
|
| 999 |
|
|
|c 1854027
|d 1855957
|